000 00765nam a2200217Ia 4500
003 GCL
008 140319s9999 xx 000 0 ara d
040 _aGCL /
_cGCL
082 0 4 _a331.114
_bب ن
100 1 _aبلسا، بيلا
245 1 0 _aنظريات التكامل الاقتصادى (هدية من الاديب عبدالفتاح الجمل) /
_cبلسا، بيلا
700 1 _aمحمد عبدالعزيز احمد (مترجم)
700 1 _aعبدالرحمن شبل حسن
700 1 _aصلاح الدين عبدالوهاب (مراجع)
300 _a271 ص
490 _aاخترنا لك
_v0
650 0 4 _aالاقتصاد
650 0 4 _aالتكامل الاقتصادى
650 0 4 _aالتخطيط الاقتصادى
942 _2ddc
_cBK
999 _c40081
_d40081